000 00876nam a2200265 a 4500
003 MX-MxUPN
005 20240925064628.0
008 070321t1982 sp a rb 001 0 spa d
020 _a8436802004
035 _aUPN01000149911
040 _aMX-MxUPN
_bspa
_cMX-MxUPN
041 1 _aspa
_heng
050 1 4 _aBF698
_bC36 1982
100 1 _aCattell, Raymond B.
_q(Raymond Bernard),
_d1905-1998
_938717
100 1 _aKline, Paul
_946197
245 1 3 _aEl análisis científico de la personalidad y la motivación
260 _aMadrid :
_bPirámide,
_c1982
300 _a421 páginas :
_bilustraciones
490 0 _aColección Psicología
500 _aTraducción de: The scientific analysis of personality and motivation
504 _aIncluye referencias bibliográficas e índice.
650 4 _aPersonalidad
_97690
902 _aVíctor Ruiz/210923
942 _2lcc
_cLIBRO
999 _c122052
_d122052